000 00849nam a2200265Ia 4500
003 OSt
005 20220918165932.0
006 a|||||r|||| 00| 0
007 ta
008 220917b |||||||| |||| 00| 0 eng d
020 _a818502653X (hbk)
_c2500
024 _a245,747
037 _b10449, 04/02/2011, Aryan Books International
_cTextual
040 _aARTS
_cARTS
_beng
041 _2eng
_aeng
082 _aV216V.N, P1
100 _aFritz John M. Ed.
_926243
245 0 _aNew light on Hampi
_b Recent research at Vijayanagara
260 _aMumbai
_bMarg Publications India
_c2001
300 _a140p.
_ccm.
650 _aHISTORY
700 _a Michell George Ed.
_98226
942 _hV216V.N, P1
_cTEXL
_2CC
999 _c131822
_d131822